01147nam a2200193Ia 4500001001100000003001000011008004100021040002500062041001300087100001400100245005500114250001100169260009200180300001200272500026100284501011400545520026100659650003300920L238-10935IT-CnALBA170116s9999||||xx |||||||||||||| ||und|| aIT-CnALBAcIT-CnALBA aITALIANO aBETZ OTTO 0aI SIMBOLI. PER COMUNICARE L'ESPERIENZA E LA FEDE.  a1a ed. aCINISELLO BALSAMO (MI)bEDIZIONI PAOLINEc1991 [1° Ed.:1991 - Ed.Ling.Originale: 1991] a153 p.  aTRADUZIONE DAL TEDESCO DI SCHREIL. KANNHEISER F. F. SIMBOLOGIA COME NUOVA CONOSCENZA. EDUCAZIONE RELIGIOSA. SVILUPPO DELLA CAPACITÀ SIMBOLICA. SENSI UMANI. TERRA ACQUA FUOCO ARIA. NUMERI LUCE COLORE. SEGNO DELLA CROCE. PREFIGURAZIONI. INDICE ONOMASTICO.  aSocietà San Paolo EM - Piazza San Paolo, 14 - 12051 ALBA (CN) (non commercial uses only) ® Copyright 2017 aTRADUZIONE DAL TEDESCO DI SCHREIL. KANNHEISER F. F. SIMBOLOGIA COME NUOVA CONOSCENZA. EDUCAZIONE RELIGIOSA. SVILUPPO DELLA CAPACITÀ SIMBOLICA. SENSI UMANI. TERRA ACQUA FUOCO ARIA. NUMERI LUCE COLORE. SEGNO DELLA CROCE. PREFIGURAZIONI. INDICE ONOMASTICO.  aSIMBOLI DI FEDE - CATECHISMI